Movies Quiz

Random Movies or Clickable Quiz
Score 0/50 Timer 07:00
2 Plays Today
% Correct
Space
93.1%
Wait
92.9%
Lord
92.8%
Hunter
92.6%
Snatchers
92.4%
Holly
91.7%
Hearts
91.5%
Train
90.9%
Time
90.6%
Bastards
90.2%
Mountain
90.2%
Dead
89.8%
Spit
89%
Friday
88.9%
Play
88.6%
Animal
88.5%
Tomatoes
88.1%
Down
87.3%
Blue
86.7%
Panther
86.5%
Damien
86.2%
Woman
85.6%
Midnight
85.1%
Loose
82.5%
Rain
80.5%
% Correct
Death
79.3%
Coming
79.2%
Navarone
77.9%
Europe
77.1%
Harper
76.8%
Hot
75.9%
Japan
75.6%
Cage
75.5%
Boys
75%
Laura
71.1%
Sleep
70.1%
Castles
69.5%
Alley
61.9%
South
60.6%
Days
59.8%
Job
57.3%
Partner
55.6%
Greek
55.6%
Summer
55.1%
Detective
54.7%
Big
53%
Suite
48.6%
Baby
45.7%
Master
37.9%
Straight
25.4%
Remove Ads.
Support Sporcle.
Get the best of Sporcle when you Go Orange. This ad-free experience offers more features, more stats, and more fun while also helping to support Sporcle. Thank you for becoming a member.

You're not logged in!

Compare scores with friends on all Sporcle quizzes.
OR
Log In

Show Comments

Extras

Top Quizzes Today


Score Distribution

Your Account Isn't Verified!

In order to create a playlist on Sporcle, you need to verify the email address you used during registration. Go to your Sporcle Settings to finish the process.

Report this User

Report this user for behavior that violates our Community Guidelines.

Details: